Mies van der Rohe

Gardado en:
Detalles Bibliográficos
Autor Principal: Johnson, Philip C (Author)
Formato: Libro
Idioma:Lingua castelá
Publicado: Buenos Aires Victor Leru 1960
Subjects:
Tags: Engadir etiqueta
Sen Etiquetas, Sexa o primeiro en etiquetar este rexistro!

MARC

LEADER 00000nam a2200000 a 4500
001 UCX8946
003 CL-VaPUC
008 940506e19600000AG |||||||||||||||||spa|d
082 0 4 |a 720.92  |b JOH  |2 21 
100 |a Johnson, Philip C  |e author  |9 413102 
245 1 0 |a Mies van der Rohe 
300 |a 243 p 
942 |c BK 
945 |d 19940506 00:00:00  |a oaravena 
260 |a Buenos Aires  |b Victor Leru  |c 1960 
600 0 |a Mies Van der Rohe, Ludwig,  |d 1886-1969  |9 269040 
650 0 |a Arquitectura moderna   |v Siglo 20   |9 265427 
651 0 |a Alemania  |9 255688 
583 |a last modification  |c 19940506 00:00:00  |k Rodrigo Vera 
999 |c 228309  |d 228307 
952 |0 0  |1 0  |4 0  |6 720_920000000000000_JOH_1960  |7 0  |8 A  |9 228244  |a BIBARQ  |b BIBARQ  |d 2019-11-15  |i 2971070  |o 720.92 JOH 1960  |p 2971070  |r 2025-01-20  |w 2019-11-15  |y BK  |k ARQ